000 00419 a2200169 4500
020 _a9780205781256
022 _a9780205781256
082 _a351
090 _c6692
_d6692
100 _aCox,Raymond W.
245 _aPublic Administration in Theory and Practice.
_cRaymond W.Cox
250 _a2nd.
260 _aNew York.
_bLongman.
_c2011.
300 _a310p.
500 _aPaper cover
942 _aNBS
_cBK
_k351 COX
999 _c349043
_d349043